Statistiken für Kennst du diese Tiere?

Klicken Sie hier um das Quiz zu spielen!

Allgemein

  • Dieses Quiz wurde 174 mal gespielt
  • Das Durchschnittsergebnis liegt bei 5 aus 16

Antwortstatistiken

Antwort% Korrekt
Luchs
95%
Gepard
74%
Polarfuchs
52%
Okapi
44%
Seeotter
43%
Quokka
31%
Schakal
24%
Katta
22%
Gibbon
20%
Dugong
16%
Kranich
14%
Nerz
14%
Marderhund
11%
Afrikanischer Wildhund
8%
Manul
6%
Mungo
3%

Verteilung der Resultate

Perzentil nach korrekt beantworteten Fragen

Anzahl Personen mit jedem Resultat

Ihre Resultats-Entwicklung

Sie haben dieses Quiz noch nicht gespielt